000 00416nam a2200181Ia 4500
001 20647
005 20260306172821.0
008 260306t2005||||xx |||||||||||||| ||spa||
041 _aESP
082 _a343.6
_bD96 2005 T. 2
100 _aDromi, José Roberto
_eAUT
245 0 _aDerecho administrativo
260 _c2005
300 _a
_c24 cm.
650 _aGEN
654 _aCDE
942 _cLIB
_dJUS
_fJUS
_2ddc
_n
999 _c20647
_d20647